000 00879nam a2200265Ia 4500
003 OSt
005 20220925184757.0
006 a|||||r|||| 00| 0
007 ta
008 220923b |||||||| |||| 00| 0 eng d
020 _a9780754670858
_c3561.3299999999999
037 _b225, 29/01/2009, PIONEER BOOK DISTRIBUTORS
_cGeneral Book
040 _aRTL
_cRTL
_beng
041 _2eng
_aeng
082 _aU42-47.3, P8
100 _aDwyer Claire Ed.
_9231339
245 0 _aNew geographies of race and racism
260 _aAldershot
_bAshgate Publishings
_c2008
300 _axiv,311p.
_ccm.
500 _aBibliography : Chapterwise
650 _aGeography
700 _a Bressey Caroline Ed.
_9231340
942 _hU42-47.3, P8
_cGB
_2CC
999 _c508817
_d508817